000 00251nam a22001217a 4500
040 _cHS
082 _a338
100 _aNA
245 _aRural entrepreneurship and innnovative leadership
260 _aAmerica
_bNA
_c2000
300 _a31p;
942 _cEK
999 _c9721
_d9721